| Поле | Инд. | ПП | Название | Значение |
|---|---|---|---|---|
| Тип записи | m | |||
| Библиографический уровень | z | |||
| 001 | Контрольный номер | RU/IS/BASE/194721596 | ||
| 005 | Дата корректировки | 20230313144434.1 | ||
| 008 | Кодируемые данные | 20060303 | ||
| 084 | a | Индекс другой классификации/Индекс ББК | 28.707.3я73; 28.707я73; 52.52я73; 53.4я73 | |
| 090 | a | Полочн. индекс | 28.707.3я73 испр. | |
| x | Авторский знак | О 664 | ||
| 100 | 1_ | a | Автор | Орлов Р. С. |
| q | Полное имя | Орлов Ратмир Сергеевич | ||
| 100 | 1_ | a | Автор | Ноздрачев А. Д. |
| q | Полное имя | Ноздрачев Александр Данилович | ||
| 245 | 10 | a | Заглавие | Нормальная физиология |
| b | Продолж. заглавия | приложение к учебнику на компакт-диске | ||
| 260 | a | Место издания | Москва | |
| b | Издательство | ГЭОТАР-Медиа | ||
| c | Дата издания | 2005 | ||
| 300 | a | Объем | 1 CD | |
| 336 | a | Термин вида содержания | Электронные данные | |
| 505 | 0_ | a | Форматированное содержание | Биографический справочник |
| a | Форматированное содержание | Лабораторные показатели | ||
| a | Форматированное содержание | Система СИ | ||
| a | Форматированное содержание | Справочник терминов | ||
| a | Форматированное содержание | Тестовый экзамен | ||
| 521 | 0_ | a | Примеч. о целев. назн. | студенты медицинских вузов |
| 650 | 04 | a | Основная рубрика | биология |
| a | Основная рубрика | биология человека | ||
| a | Основная рубрика | клиническая медицина | ||
| a | Основная рубрика | медицина | ||
| a | Основная рубрика | медицинская диагностика | ||
| a | Основная рубрика | патология | ||
| a | Основная рубрика | физиология | ||
| 653 | 0_ | a | Ключевые слова | беременность |
| a | Ключевые слова | вегетативная нервная система | ||
| a | Ключевые слова | висцеральная чувствительность | ||
| a | Ключевые слова | висцеральные реакции | ||
| a | Ключевые слова | вкус | ||
| a | Ключевые слова | гомеостаз | ||
| a | Ключевые слова | двигательные функции | ||
| a | Ключевые слова | движение | ||
| a | Ключевые слова | диагностика | ||
| a | Ключевые слова | защитные системы организма | ||
| a | Ключевые слова | зрение | ||
| a | Ключевые слова | иммунитет | ||
| a | Ключевые слова | интегративные функции | ||
| a | Ключевые слова | ионный гомеостаз | ||
| a | Ключевые слова | клетки | ||
| a | Ключевые слова | кровь | ||
| a | Ключевые слова | межклеточные взаимодействия | ||
| a | Ключевые слова | мембраны | ||
| a | Ключевые слова | метаболизм | ||
| a | Ключевые слова | мочевыделительная система | ||
| a | Ключевые слова | нейроны | ||
| a | Ключевые слова | нервная система | ||
| a | Ключевые слова | новорожденный ребенок | ||
| a | Ключевые слова | обоняние | ||
| a | Ключевые слова | органы дыхания | ||
| a | Ключевые слова | пищеварительная система | ||
| a | Ключевые слова | поведенческие реакции | ||
| a | Ключевые слова | почки | ||
| a | Ключевые слова | репродуктивная система | ||
| a | Ключевые слова | сердечно-сосудистая система | ||
| a | Ключевые слова | соматическая чувствительность | ||
| a | Ключевые слова | спинной мозг | ||
| a | Ключевые слова | терморегуляция | ||
| a | Ключевые слова | физиология клетки | ||
| a | Ключевые слова | физиология человека | ||
| a | Ключевые слова | эндокринная система | ||
| 655 | a | Жанр/ форма (устаревшее) | учебное пособие | |
| 901 | t | Тип документа | 0 | |
| 952 | a | Тип литературы для КСУ ВШ | УИ | |
| a | Тип литературы для КСУ ВШ | ЭЛН |